[Event "EU-ch Small Nations (Women) 1st"]
[Site "Monte Carlo"]
[Date "2022.11.25"]
[Round "8"]
[White "Lebel Arias, Julia"]
[Black "Farrugia, Jamie"]
[Result "1/2-1/2"]
[WhiteElo "1599"]
[BlackElo "1568"]
[PlyCount "80"]
[EventDate "2022.11.20"]
[EventType "tourn"]
[EventRounds "9"]
[EventCountry "MNC"]
[SourceTitle "CBM 211 Extra"]
[Source "ChessBase"]
[SourceDate "2023.01.31"]
[SourceVersion "1"]
[SourceVersionDate "2023.01.31"]
[SourceQuality "1"]

1. d4 d5 2. e3 Nf6 3. Bd3 c5 4. c3 c4 5. Bc2 Nc6 6. f4 Bg4 7. Ne2 e6 8. Nd2 Bd6 9. 0-0 Qc7 10. Qe1 h5 11. Nf3 h4 12. Ne5 Bf5 13. Bxf5 exf5 14. b3 cxb3 15. axb3 Ne4 16. Bd2 h3 17. g3 Na5 18. Rb1 Nxd2 19. Qxd2 f6 20. Nf3 0-0 21. Nh4 Qe7 22. Qd3 Qe4 23. Qxe4 fxe4 24. Nf5 Rad8 25. g4 Bb8 26. Rfc1 b5 27. Rc2 g6 28. Nh4 Kh7 29. Ra2 Nc6 30. Ra6 Rc8 31. Rba1 Rg8 32. g5 fxg5 33. fxg5 Rgf8 34. Ng3 Kg7 35. Rf1 Rxf1+ 36. Kxf1 Ne7 37. Re6 Kf7 38. Rf6+ Kg7 39. Re6 Kf7 40. Rf6+ Kg7 1/2-1/2

[Event "Olympiad Women-44"]
[Site "Chennai"]
[Date "2022.08.06"]
[Round "8.3"]
[White "Madelta, Glenda"]
[Black "Lebel Arias, Julia"]
[Result "1-0"]
[WhiteElo "1516"]
[BlackElo "1660"]
[PlyCount "89"]
[EventDate "2022.07.29"]
[EventType "team-swiss"]
[EventRounds "11"]
[EventCountry "IND"]
[SourceTitle "CBM 210"]
[Source "ChessBase"]
[SourceDate "2022.10.31"]
[SourceVersion "1"]
[SourceVersionDate "2022.10.31"]
[SourceQuality "1"]
[WhiteTeam "Kenya (W)"]
[BlackTeam "Monaco (W)"]
[WhiteTeamCountry "KEN"]
[BlackTeamCountry "MNC"]

1. d4 g6 2. Bf4 d6 3. Nc3 Bg7 4. Qd2 c6 5. Nf3 Nd7 6. h4 Ndf6 7. e4 Nh5 8. Be3 a6 9. Bc4 h6 10. Be2 Bg4 11. 0-0-0 Ngf6 12. Nh2 Qc8 13. e5 Bxe2 14. Qxe2 dxe5 15. dxe5 Nd5 16. Nxd5 cxd5 17. g4 Bxe5 18. gxh5 Bxh2 19. Rxh2 Qc6 20. Qd2 0-0-0 21. Qb4 e5 22. Qg4+ Kb8 23. f3 d4 24. Rhd2 Qf6 25. Bf2 Rhg8 26. hxg6 fxg6 27. Bg3 Ka8 28. Qe4 Rde8 29. Re1 Qf7 30. Kb1 Rgf8 31. Rd3 Qf5 32. Bxe5 Qxe4 33. Rxe4 g5 34. hxg5 hxg5 35. Kc1 g4 36. fxg4 Rf1+ 37. Rd1 Rf2 38. Rdxd4 Rf1+ 39. Kd2 Rf2+ 40. Kc3 b5 41. Rd7 a5 42. Kb3 a4+ 43. Kb4 Rxc2 44. Kxb5 Rxb2+ 45. Ka6 1-0

[Event "Olympiad Women-44"]
[Site "Chennai"]
[Date "2022.08.01"]
[Round "4.3"]
[White "Lebel Arias, Julia"]
[Black "Laaribi, Mariem"]
[Result "1-0"]
[WhiteElo "1660"]
[BlackElo "1278"]
[PlyCount "139"]
[EventDate "2022.07.29"]
[EventType "team-swiss"]
[EventRounds "11"]
[EventCountry "IND"]
[SourceTitle "CBM 210"]
[Source "ChessBase"]
[SourceDate "2022.10.31"]
[SourceVersion "1"]
[SourceVersionDate "2022.10.31"]
[SourceQuality "1"]
[WhiteTeam "Monaco (W)"]
[BlackTeam "Tunisia (W)"]
[WhiteTeamCountry "MNC"]
[BlackTeamCountry "TUN"]

1. d4 f5 2. Nc3 e6 3. e4 Be7 4. exf5 exf5 5. Bc4 Nf6 6. Qf3 Nc6 7. Nge2 d6 8. Bf4 a6 9. a4 Bd7 10. Bb3 Qc8 11. Nd5 Ne4 12. Nxe7 Nxe7 13. Qh5+ Ng6 14. f3 Nf6 15. Qg5 Be6 16. c4 Bf7 17. Bd2 0-0 18. Bc3 h6 19. Qd2 Re8 20. 0-0 Qe6 21. Nf4 Qe3+ 22. Qxe3 Rxe3 23. Nxg6 Bxg6 24. Rfe1 Ree8 25. Kf2 Bf7 26. d5 Nd7 27. Bc2 f4 28. g3 fxg3+ 29. hxg3 Rf8 30. Re7 Nb6 31. b3 Rfe8 32. Rxc7 Rab8 33. Bf5 Na8 34. Rd7 Red8 35. Re7 Kf8 36. Rae1 Re8 37. Rxe8+ Rxe8 38. Rxe8+ Bxe8 39. a5 b5 40. axb6 Nxb6 41. Ba5 Nd7 42. Bxd7 Bxd7 43. Ke3 Ke7 44. Kd4 g5 45. b4 h5 46. Ke3 Be8 47. c5 dxc5 48. bxc5 Kd7 49. Ke4 Bg6+ 50. Ke5 h4 51. c6+ Kc8 52. gxh4 gxh4 53. d6 Be8 54. d7+ Bxd7 55. cxd7+ Kxd7 56. Kf4 Ke7 57. Kg4 Kf6 58. Kxh4 Kf5 59. Kg3 Kg5 60. f4+ Kf5 61. Kf3 Kf6 62. Ke4 Ke6 63. f5+ Kf6 64. Kf4 Kf7 65. Ke5 Ke7 66. f6+ Kf7 67. Kf5 Kf8 68. Ke6 Ke8 69. f7+ Kf8 70. Bb4+ 1-0

[Event "Olympiad Women-43"]
[Site "Batumi"]
[Date "2018.10.03"]
[Round "9.3"]
[White "Lebel Arias, Julia"]
[Black "Meddeb, Chadha"]
[Result "1-0"]
[WhiteElo "1724"]
[BlackElo "1619"]
[PlyCount "57"]
[EventDate "2018.09.24"]
[EventType "team-swiss"]
[EventRounds "11"]
[EventCountry "GEO"]
[SourceTitle "EXT 2020"]
[Source "ChessBase"]
[SourceDate "2019.10.17"]
[SourceVersion "1"]
[SourceVersionDate "2019.10.17"]
[SourceQuality "1"]
[WhiteTeam "Monaco (W)"]
[BlackTeam "Tunisia (W)"]
[WhiteTeamCountry "MNC"]
[BlackTeamCountry "TUN"]

1. d4 Nf6 2. Nf3 e6 3. Bg5 Be7 4. Nbd2 b6 5. e4 d6 6. c3 Bb7 7. Bd3 Nbd7 8. Qe2 c5 9. h4 h6 10. Bf4 Qc7 11. Bg3 Nh5 12. Bh2 Nhf6 13. a4 0-0 14. 0-0 Ng4 15. Bg3 e5 16. Bc4 exd4 17. cxd4 Qd8 18. Nb3 Kh8 19. Rfe1 Rc8 20. Rad1 Ndf6 21. Nfd2 cxd4 22. Nxd4 Ne5 23. Bb5 Nfd7 24. Nf5 Rc2 25. b3 a6 26. Bxd7 Qxd7 27. Qe3 Qc7 28. Qd4 Nc6 29. Qxg7# 1-0

[Event "Olympiad Women-43"]
[Site "Batumi"]
[Date "2018.10.01"]
[Round "7.49"]
[White "Mahmoud, Roula"]
[Black "Lebel Arias, Julia"]
[Result "1-0"]
[WhiteElo "1795"]
[BlackElo "1724"]
[PlyCount "149"]
[EventDate "2018.09.24"]
[EventType "team-swiss"]
[EventRounds "11"]
[EventCountry "GEO"]
[SourceTitle "EXT 2020"]
[Source "ChessBase"]
[SourceDate "2019.10.17"]
[SourceVersion "1"]
[SourceVersionDate "2019.10.17"]
[SourceQuality "1"]
[WhiteTeam "Syria (W)"]
[BlackTeam "Monaco (W)"]
[WhiteTeamCountry "SYR"]
[BlackTeamCountry "MNC"]

1. Nf3 g6 2. g3 Bg7 3. Bg2 c5 4. e4 Nc6 5. d3 Nh6 6. 0-0 d6 7. c3 0-0 8. Re1 f6 9. Nbd2 Nf7 10. Nf1 e5 11. Ne3 Be6 12. h4 Qd7 13. h5 Ng5 14. Nh4 Bf7 15. hxg6 hxg6 16. Nd5 Ne7 17. f4 Nxd5 18. fxg5 Ne7 19. gxf6 Bxf6 20. Bh6 Bg7 21. Qd2 Qg4 22. Kh2 Be6 23. Rf1 Rae8 24. Bg5 b5 25. Rxf8+ Bxf8 26. Rf1 Bg7 27. Bf6 Nc6 28. Bg5 Ne7 29. b4 Kh7 30. bxc5 dxc5 31. Be3 Rc8 32. Rh1 Kg8 33. Bg5 Re8 34. Nf3 Nc6 35. Bh4 Rf8 36. Qe3 Bd7 37. Qxc5 Rxf3 38. Bxf3 Qxf3 39. Qd5+ Qf7 40. Rf1 Qxd5 41. exd5 Na5 42. Bd8 Nb7 43. Bc7 Nc5 44. Rf3 Bf5 45. d6 Nd7 46. c4 a6 47. Kg1 Be6 48. cxb5 axb5 49. a3 Bd5 50. Rf1 e4 51. dxe4 Bd4+ 52. Kh2 Bxe4 53. Rf4 Bc6 54. Rxd4 Kf7 55. Kh3 Ke6 56. Kh4 Ke5 57. Rd2 Be4 58. Rb2 Bd3 59. Kg5 Ke6 60. Rb3 Nc5 61. Rb4 Kd7 62. Rh4 Ne4+ 63. Kg4 Nxd6 64. Bxd6 Kxd6 65. Kg5 Ke5 66. a4 bxa4 67. Rxa4 Ke6 68. Rf4 Ke7 69. Rf6 Bc2 70. g4 Bd3 71. Rxg6 Kf7 72. Rd6 Bb5 73. Kh6 Ke7 74. Rb6 Be2 75. g5 1-0

[Event "Olympiad Women-43"]
[Site "Batumi"]
[Date "2018.09.24"]
[Round "1.2"]
[White "Lebel Arias, Julia"]
[Black "Osmak, Iulija"]
[Result "0-1"]
[WhiteElo "1724"]
[BlackElo "2405"]
[PlyCount "104"]
[EventDate "2018.09.24"]
[EventType "team-swiss"]
[EventRounds "11"]
[EventCountry "GEO"]
[SourceTitle "EXT 2020"]
[Source "ChessBase"]
[SourceDate "2019.10.17"]
[SourceVersion "1"]
[SourceVersionDate "2019.10.17"]
[SourceQuality "1"]
[WhiteTeam "Monaco (W)"]
[BlackTeam "Ukraine (W)"]
[WhiteTeamCountry "MNC"]
[BlackTeamCountry "UKR"]

1. d4 d5 2. Nf3 Nf6 3. Bg5 Ne4 4. Bh4 c5 5. e3 Qb6 6. Qc1 Nc6 7. c3 Bf5 8. Nbd2 e6 9. Be2 Rc8 10. 0-0 Bd6 11. Bg3 Nxg3 12. hxg3 0-0 13. a3 h6 14. Re1 Rfd8 15. Bf1 Bh7 16. Ra2 Bg6 17. Qd1 a6 18. b4 cxd4 19. cxd4 Rc7 20. Qb3 Rdc8 21. Bd3 Na5 22. Qb1 Bxd3 23. Qxd3 Nc4 24. Nxc4 Rxc4 25. Rd1 Qc6 26. Raa1 Qa4 27. Qf1 Rc3 28. Rd3 R8c7 29. Qd1 Qxd1+ 30. Raxd1 Rxd3 31. Rxd3 Rc1+ 32. Kh2 Kf8 33. Rd2 Ke7 34. Ra2 Kd7 35. Nd2 b6 36. Nb3 Rc3 37. Nd2 Kc6 38. Nb1 Rc1 39. Rb2 Kb5 40. Nd2 Ka4 41. Nb1 e5 42. f4 exd4 43. exd4 f5 44. Nd2 Kxa3 45. Rb3+ Ka4 46. Re3 Bxb4 47. Nf3 a5 48. Re5 Kb3 49. Rxd5 a4 50. Rd7 a3 51. d5 a2 52. Nd4+ Kb2 0-1

[Event "FRA-chT Top 12 (Women) GpA"]
[Site "Rungis"]
[Date "2018.05.05"]
[Round "1.4"]
[White "Lebel Arias, Julia"]
[Black "Marchand, Laure"]
[Result "1-0"]
[WhiteElo "1729"]
[BlackElo "1344"]
[PlyCount "63"]
[EventDate "2018.05.05"]
[EventType "team-tourn"]
[EventRounds "5"]
[EventCountry "FRA"]
[SourceTitle "CBM 184 Extra"]
[Source "ChessBase"]
[SourceDate "2018.06.28"]
[SourceVersion "1"]
[SourceVersionDate "2018.06.28"]
[SourceQuality "1"]
[WhiteTeam "Monaco (W)"]
[BlackTeam "Nimois (W)"]
[WhiteTeamCountry "MNC"]
[BlackTeamCountry "FRA"]

1. d4 d5 2. e3 Nf6 3. Bd3 g6 4. Nd2 Bg7 5. f4 0-0 6. Ngf3 b6 7. Qe2 a5 8. 0-0 c5 9. c3 Ba6 10. a4 Bxd3 11. Qxd3 Na6 12. Ne5 Nc7 13. g4 cxd4 14. exd4 Qc8 15. Qf3 Nfe8 16. f5 Nd6 17. Qf4 Nce8 18. h3 Nf6 19. Qg5 Qc7 20. fxg6 fxg6 21. Ndf3 Nde4 22. Qh4 Rae8 23. Bh6 e6 24. Rae1 Nd7 25. Bxg7 Kxg7 26. Ng5 Nxg5 27. Qxg5 h6 28. Qxg6+ Kh8 29. Qxh6+ Kg8 30. Qg6+ Kh8 31. Rf7 Qxe5 32. Qh7# 1-0

[Event "Olympiad Women-42"]
[Site "Baku"]
[Date "2016.09.03"]
[Round "2.38"]
[White "Lebel Arias, Julia"]
[Black "Milligan, Helen"]
[Result "0-1"]
[WhiteElo "1802"]
[BlackElo "2040"]
[PlyCount "66"]
[EventDate "2016.09.02"]
[EventType "team-swiss"]
[EventRounds "11"]
[EventCountry "AZE"]
[SourceTitle "CBM 174 Extra"]
[Source "ChessBase"]
[SourceDate "2016.10.10"]
[SourceVersion "1"]
[SourceVersionDate "2016.10.10"]
[SourceQuality "1"]
[WhiteTeam "Monaco (W)"]
[BlackTeam "New Zealand (W)"]
[WhiteTeamCountry "MNC"]
[BlackTeamCountry "NZL"]

1. d4 Nf6 2. Nf3 g6 3. Bf4 Bg7 4. c3 d6 5. h3 0-0 6. Nbd2 Nbd7 7. e4 c5 8. dxc5 Nxc5 9. Qc2 Bd7 10. Be3 Qc7 11. Rc1 a6 12. Be2 Rac8 13. 0-0 Rfd8 14. Qb1 d5 15. exd5 Bf5 16. Qa1 Nxd5 17. Bxc5 Qxc5 18. Nb3 Qb6 19. Nbd4 Nf4 20. Rfe1 e5 21. Nxf5 gxf5 22. Bf1 e4 23. Nh4 Qf6 24. g3 Nd3 25. Bxd3 Rxd3 26. Rcd1 Rcd8 27. Rxd3 Rxd3 28. Re2 Qd8 29. Qf1 Qd5 30. a3 Bh6 31. Ng2 Qd6 32. Ne3 Bxe3 33. fxe3 Rd1 0-1

[Event "Wch Seniors 65 (Women) 25th"]
[Site "Acqui Terme"]
[Date "2015.11.18"]
[Round "7"]
[White "Lebel Arias, Julia"]
[Black "Fatalibekova, Elena"]
[Result "0-1"]
[WhiteElo "1796"]
[BlackElo "2242"]
[PlyCount "120"]
[EventDate "2015.11.10"]
[EventType "tourn"]
[EventRounds "9"]
[EventCountry "ITA"]
[SourceTitle "CBM 169 Extra"]
[Source "ChessBase"]
[SourceDate "2015.12.18"]
[SourceVersion "1"]
[SourceVersionDate "2015.12.18"]
[SourceQuality "1"]

1. d4 Nf6 2. Nf3 c5 3. e3 d6 4. Bd3 g6 5. Nbd2 Bg7 6. c3 0-0 7. 0-0 a6 8. a4 b6 9. Qe2 Nc6 10. h3 e5 11. dxe5 dxe5 12. Ne4 Qc7 13. Nxf6+ Bxf6 14. e4 Bb7 15. Bh6 Bg7 16. Qe3 Ne7 17. Bxg7 Kxg7 18. Rfe1 c4 19. Bc2 Nc6 20. h4 h5 21. Rad1 Rad8 22. Ng5 Bc8 23. Rxd8 Nxd8 24. Rd1 f6 25. Nf3 Ne6 26. g3 Nc5 27. Nd2 Be6 28. f3 Qc6 29. Ra1 Rd8 30. Nf1 Bf7 31. a5 b5 32. Rd1 Rxd1 33. Bxd1 Qc7 34. Bc2 Nd7 35. Qd2 Nb8 36. f4 Nc6 37. f5 Nxa5 38. Qe3 Nb7 39. Kg2 Qc5 40. Qxc5 Nxc5 41. Ne3 a5 42. Kf3 b4 43. cxb4 axb4 44. fxg6 Kxg6 45. Ke2 b3 46. Bb1 Na4 47. Nd1 Be6 48. Kd2 Kf7 49. Kc1 Ke7 50. Nc3 Nxc3 51. bxc3 Bd7 52. Kb2 f5 53. exf5 Kf6 54. Be4 Bxf5 55. Bf3 Bg4 56. Be4 Be2 57. Ka3 Bg4 58. Kb2 Bf5 59. Bf3 Bd3 60. Bxh5 e4 0-1

[Event "Francophone-ch 3rd"]
[Site "Montreal"]
[Date "2015.07.22"]
[Round "6"]
[White "Lebel Arias, Julia"]
[Black "Bongo, Barthelemy"]
[Result "0-1"]
[WhiteElo "1756"]
[BlackElo "1924"]
[PlyCount "94"]
[EventDate "2015.07.17"]
[EventType "swiss"]
[EventRounds "9"]
[EventCountry "CAN"]
[SourceTitle "EXT 2016"]
[Source "ChessBase"]
[SourceDate "2015.10.08"]
[SourceVersion "1"]
[SourceVersionDate "2015.10.08"]
[SourceQuality "1"]

1. d4 Nf6 2. e3 d5 3. Bd3 e6 4. Nd2 c5 5. c3 Nc6 6. f4 Bd6 7. Qf3 Qc7 8. Nh3 cxd4 9. exd4 Bd7 10. a4 Na5 11. 0-0 Nc4 12. Qe2 Nxd2 13. Bxd2 0-0 14. Kh1 Ne4 15. Bxe4 dxe4 16. Qxe4 Bc6 17. Qe3 h6 18. a5 b6 19. axb6 axb6 20. c4 Qb7 21. Qe2 Rxa1 22. Rxa1 Ra8 23. Rxa8+ Qxa8 24. b4 Qa1+ 25. Ng1 Qxd4 26. Be3 Qe4 27. b5 Bb7 28. Bd2 Qb1 29. Be3 Bc7 30. Bd4 Be4 31. Qg4 Bg6 32. Qg3 Qc1 33. Qf2 Qxc4 34. Bxb6 Bxf4 35. Ba7 Be4 36. Ne2 Be5 37. Nd4 Qc1+ 38. Qg1 Qb2 39. Nf3 Bxf3 40. gxf3 Qxb5 41. Qf2 Qb1+ 42. Kg2 Qb2 43. Qxb2 Bxb2 44. f4 Kh7 45. Kf3 Kg6 46. Bb8 Kf5 47. Bd6 e5 0-1

[Event "Olympiad Women-41"]
[Site "Tromsoe"]
[Date "2014.08.05"]
[Round "4.1"]
[White "Lebel Arias, Julia"]
[Black "Nouman, Amna"]
[Result "1/2-1/2"]
[WhiteElo "1859"]
[BlackElo "1869"]
[PlyCount "80"]
[EventDate "2014.08.02"]
[EventType "team-swiss"]
[EventRounds "11"]
[EventCountry "NOR"]
[SourceTitle "CBM 162"]
[Source "ChessBase"]
[SourceDate "2014.09.17"]
[SourceVersion "1"]
[SourceVersionDate "2014.09.17"]
[SourceQuality "1"]
[WhiteTeam "Monaco (W)"]
[BlackTeam "United Arab Emirates (W)"]
[WhiteTeamCountry "MNC"]
[BlackTeamCountry "UAE"]

1. d4 c5 2. e3 Nf6 3. Bd3 d5 4. b3 g6 5. Nd2 Bg7 6. Bb2 0-0 7. Ngf3 Qc7 8. 0-0 b6 9. Ne5 Nbd7 10. h3 Bb7 11. f4 e6 12. g4 Ne4 13. Bxe4 dxe4 14. c4 f5 15. Qe2 Rad8 16. Rad1 Ba8 17. g5 Qb7 18. Nb1 Nxe5 19. dxe5 Qc7 20. Rxd8 Rxd8 21. Rd1 Bc6 22. Rxd8+ Qxd8 23. Qd2 Qxd2 24. Nxd2 Bf8 25. a4 a5 26. Nb1 Kf7 27. Nc3 Ke8 28. Bc1 Kd7 29. Bd2 Be7 30. Kf2 Ke8 31. Kg3 Bd8 32. h4 Kf7 33. Ne2 Be7 34. Kh3 Bd8 35. Ng3 Be7 36. h5 Bd8 37. h6 Bc7 38. Bc3 Bd8 39. Kh2 Bc7 40. Kg1 Bd8 1/2-1/2

[Event "Olympiad Women-40"]
[Site "Istanbul"]
[Date "2012.09.05"]
[Round "8.2"]
[White "Roy, Ali"]
[Black "Lebel Arias, Julia"]
[Result "1-0"]
[WhiteElo "1836"]
[BlackElo "1892"]
[PlyCount "95"]
[EventDate "2012.08.28"]
[EventType "team-swiss"]
[EventRounds "11"]
[EventCountry "TUR"]
[SourceTitle "CBM 150 Extra"]
[Source "ChessBase"]
[SourceDate "2012.10.19"]
[SourceVersion "1"]
[SourceVersionDate "2012.10.19"]
[SourceQuality "1"]
[WhiteTeam "Scotland (W)"]
[BlackTeam "Monaco (W)"]
[WhiteTeamCountry "SCO"]
[BlackTeamCountry "MNC"]

1. Nf3 g6 2. c4 Bg7 3. Nc3 c6 4. e3 d6 5. d4 Nd7 6. Be2 Ngf6 7. 0-0 0-0 8. b3 Qc7 9. Bb2 Re8 10. Qc2 e5 11. Rad1 a5 12. Rfe1 exd4 13. exd4 Nf8 14. d5 Bf5 15. Qc1 c5 16. Qa1 N8d7 17. Nb5 Qb6 18. Nh4 a4 19. Nxf5 gxf5 20. Qb1 axb3 21. axb3 Re7 22. Bd3 Rxe1+ 23. Rxe1 Re8 24. Bxf5 Nf8 25. Rxe8 Nxe8 26. g3 Nc7 27. Bxg7 Kxg7 28. Qa1+ Kg8 29. Qa7 Qxa7 30. Nxa7 Kg7 31. Bc8 b6 32. Bg4 Kf6 33. f4 Ne8 34. Nc8 h6 35. Nxb6 Ke7 36. Kf2 Kd8 37. Ke3 Kc7 38. Na4 Ng6 39. Nc3 Nf6 40. Bf5 Ne7 41. Nb5+ Kb6 42. Nxd6 Ka5 43. h3 Kb4 44. Bc2 Kc3 45. Bd1 Kb4 46. g4 Nfxd5+ 47. cxd5 Nxd5+ 48. Kf3 1-0

[Event "Olympiad Women-40"]
[Site "Istanbul"]
[Date "2012.09.03"]
[Round "6.2"]
[White "Lebel Arias, Julia"]
[Black "Golubenko, Valentina"]
[Result "0-1"]
[WhiteElo "1892"]
[BlackElo "2297"]
[PlyCount "78"]
[EventDate "2012.08.28"]
[EventType "team-swiss"]
[EventRounds "11"]
[EventCountry "TUR"]
[SourceTitle "CBM 150 Extra"]
[Source "ChessBase"]
[SourceDate "2012.10.19"]
[SourceVersion "1"]
[SourceVersionDate "2012.10.19"]
[SourceQuality "1"]
[WhiteTeam "Monaco (W)"]
[BlackTeam "Croatia (W)"]
[WhiteTeamCountry "MNC"]
[BlackTeamCountry "CRO"]

1. d4 Nf6 2. Nf3 g6 3. Nc3 d5 4. Bf4 Bg7 5. e3 0-0 6. Be2 c5 7. h3 Nc6 8. 0-0 cxd4 9. exd4 Ne4 10. Nb5 a6 11. Na3 Qb6 12. c4 Qxb2 13. Qc2 Qxa3 14. cxd5 Nxd4 15. Nxd4 Bxd4 16. Qxe4 Bxa1 17. Rxa1 Bf5 18. Qd4 Rfc8 19. g4 Bd7 20. Bf1 Bb5 21. Bg2 Rc4 22. Qe5 Qc3 23. Qxc3 Rxc3 24. d6 exd6 25. Bxb7 Rd8 26. Bg2 d5 27. Bg5 Rd7 28. Bf6 d4 29. a4 Be2 30. Rb1 Rc8 31. f4 d3 32. Kf2 Rd6 33. g5 Bh5 34. Bf3 Bxf3 35. Kxf3 d2 36. Ke2 d1Q+ 37. Rxd1 Rc2+ 38. Ke1 Rxd1+ 39. Kxd1 Ra2 0-1

[Event "Olympiad Women-40"]
[Site "Istanbul"]
[Date "2012.08.30"]
[Round "3.2"]
[White "Siddiqui, Nida Mishraz"]
[Black "Lebel Arias, Julia"]
[Result "0-1"]
[WhiteElo "1670"]
[BlackElo "1892"]
[PlyCount "128"]
[EventDate "2012.08.28"]
[EventType "team-swiss"]
[EventRounds "11"]
[EventCountry "TUR"]
[SourceTitle "CBM 150 Extra"]
[Source "ChessBase"]
[SourceDate "2012.10.19"]
[SourceVersion "1"]
[SourceVersionDate "2012.10.19"]
[SourceQuality "1"]
[WhiteTeam "Pakistan (W)"]
[BlackTeam "Monaco (W)"]
[WhiteTeamCountry "PAK"]
[BlackTeamCountry "MNC"]

1. e4 Nf6 2. e5 Nd5 3. d4 d6 4. Nf3 dxe5 5. Nxe5 c6 6. Bc4 Be6 7. 0-0 Nd7 8. Nf3 Bg4 9. Re1 e6 10. h3 Bxf3 11. Qxf3 Be7 12. c3 N7f6 13. Nd2 0-0 14. Ne4 Nxe4 15. Rxe4 Bd6 16. Bd3 Qd7 17. Bd2 f5 18. Re2 b5 19. Rae1 Rae8 20. g4 g6 21. gxf5 exf5 22. Rxe8 Rxe8 23. Rxe8+ Qxe8 24. c4 bxc4 25. Bxc4 Qe4 26. Qxe4 fxe4 27. Kg2 Kf7 28. f3 exf3+ 29. Kxf3 Kf6 30. Kg4 h5+ 31. Kf3 g5 32. Bd3 Bc7 33. Ke4 Bf4 34. Ba5 Bc1 35. Bd8+ Ke6 36. b3 Nc3+ 37. Kf3 Nxa2 38. Ba5 Bb2 39. Ke4 Nc3+ 40. Bxc3 Bxc3 41. Bc4+ Kd6 42. Kf5 Bd2 43. Be2 h4 44. Bc4 Bc1 45. b4 Bd2 46. Bb3 Bxb4 47. Kxg5 Bc3 48. Kxh4 Bxd4 49. Kg5 Kc5 50. h4 Kb4 51. Be6 c5 52. h5 c4 53. Bf5 Kb3 54. Be6 a5 55. Kf4 a4 56. Ke4 Bh8 57. Kd5 Kb4 58. Bf5 a3 59. Bb1 c3 60. Ke4 c2 61. Bxc2 a2 62. Kf5 a1Q 63. Kg6 Qf6+ 64. Kh7 Qg7# 0-1

[Event "Olympiad Women-40"]
[Site "Istanbul"]
[Date "2012.08.29"]
[Round "2.2"]
[White "Lebel Arias, Julia"]
[Black "Avalos, Leticia"]
[Result "1/2-1/2"]
[WhiteElo "1892"]
[BlackElo "1742"]
[PlyCount "89"]
[EventDate "2012.08.28"]
[EventType "team-swiss"]
[EventRounds "11"]
[EventCountry "TUR"]
[SourceTitle "CBM 150 Extra"]
[Source "ChessBase"]
[SourceDate "2012.10.19"]
[SourceVersion "1"]
[SourceVersionDate "2012.10.19"]
[SourceQuality "1"]
[WhiteTeam "Monaco (W)"]
[BlackTeam "Paraguay (W)"]
[WhiteTeamCountry "MNC"]
[BlackTeamCountry "PAR"]

1. d4 Nf6 2. Nf3 e6 3. Bg5 Be7 4. Nc3 b6 5. e4 d6 6. Bd3 Ba6 7. 0-0 Bxd3 8. Qxd3 0-0 9. Rfe1 c5 10. dxc5 dxc5 11. Qc4 Nfd7 12. Bf4 a6 13. e5 Nc6 14. Ne4 b5 15. Qe2 Nb6 16. Rad1 Qc7 17. c3 Nd5 18. Bg3 h6 19. c4 bxc4 20. Qxc4 Na5 21. Qe2 Rfb8 22. Rxd5 exd5 23. e6 Qb7 24. exf7+ Kf8 25. Bxb8 dxe4 26. Bg3 exf3 27. Qe6 Rd8 28. gxf3 Nc6 29. Qe4 Qd7 30. Kg2 Qd5 31. Qa4 Nd4 32. Re3 Qc6 33. Qc4 Rb8 34. Bxb8 Qg6+ 35. Bg3 h5 36. h4 Nf5 37. Kh3 Nxe3 38. fxe3 Qf6 39. Qd5 Qxb2 40. Be5 Qe2 41. Qa8+ Kxf7 42. Qd5+ Kf8 43. Qa8+ Kf7 44. Qd5+ Kf8 45. Qa8+ 1/2-1/2

[Event "FRA-chT1 0910"]
[Site "France"]
[Date "2009.12.12"]
[Round "6.8"]
[White "Lebel Arias, Julia"]
[Black "Choisy, Mathilde"]
[Result "0-1"]
[WhiteElo "1971"]
[BlackElo "2143"]
[PlyCount "39"]
[EventDate "2009.09.27"]
[EventType "team-tourn"]
[EventRounds "11"]
[EventCountry "FRA"]
[SourceTitle "EXT 2011"]
[Source "ChessBase"]
[SourceDate "2010.11.26"]
[SourceVersion "1"]
[SourceVersionDate "2010.11.26"]
[SourceQuality "1"]

1. Nf3 Nf6 2. c4 g6 3. b4 Bg7 4. Bb2 0-0 5. e3 d6 6. Be2 e5 7. d3 Nbd7 8. Nbd2 Qe7 9. Qb3 Ne8 10. 0-0 Kh8 11. Rac1 f5 12. c5 Ndf6 13. a3 Be6 14. Qc2 Nd5 15. Nc4 g5 16. cxd6 cxd6 17. e4 fxe4 18. dxe4 Nf4 19. Qd2 g4 20. Ne1 0-1

[Event "Mediterranean-ch 7th"]
[Site "Rijeka"]
[Date "2009.09.14"]
[Round "5"]
[White "Lebel Arias, Julia"]
[Black "Pejic, Igor"]
[Result "1-0"]
[WhiteElo "1953"]
[BlackElo "1862"]
[PlyCount "63"]
[EventDate "2009.09.11"]
[EventType "swiss"]
[EventRounds "9"]
[EventCountry "CRO"]
[SourceTitle "CBM 132 Extra"]
[Source "ChessBase"]
[SourceDate "2009.11.03"]
[SourceVersion "1"]
[SourceVersionDate "2009.11.03"]
[SourceQuality "1"]

1. d4 d5 2. Nf3 Nf6 3. Bf4 c5 4. e3 Qb6 5. Qc1 Nc6 6. c3 Bf5 7. a4 c4 8. Nbd2 e6 9. Be2 Be7 10. h3 Ne4 11. 0-0 g5 12. Nxe4 Bxe4 13. Nxg5 Bxg5 14. Bxg5 Rg8 15. f3 Rxg5 16. fxe4 Na5 17. Qc2 Qc7 18. e5 Rg7 19. Rf6 0-0-0 20. Raf1 Rf8 21. Bh5 Nc6 22. Qf2 Nd8 23. Qf4 Qd7 24. e4 dxe4 25. Qxe4 Kb8 26. a5 a6 27. Bf3 Re8 28. Qe2 Qc7 29. Be4 Rh8 30. Ra1 Rhg8 31. Kh1 Ka7 32. Ra4 1-0